Vytvorenie mobilnej aplikácie k predmetu Matematika 1 na Stavebnej fakulte v slovenskom a ukrajinskom jazyku
Uložené v:
| Hlavný autor: | |
|---|---|
| Ďalší autori: | |
| Médium: | Rukopis Kniha |
| Jazyk: | Slovak |
| Vydavateľské údaje: |
2025
|
| Predmet: | |
| On-line prístup: | http://is.stuba.sk/zp/portal_zp.pl?podrobnosti=178169 |
| Tagy: |
Žiadne tagy, Buďte prvý, kto otaguje tento záznam!
|
MARC
| LEADER | 00000ntm a22000003a 4500 | ||
|---|---|---|---|
| 001 | stuzp102834 | ||
| 003 | SK-STU | ||
| 005 | 20250614211532.2 | ||
| 007 | ta | ||
| 008 | 150427s2015----xo-----f-mn---000-0-slo-d | ||
| 040 | |a STU |b slo | ||
| 041 | 0 | |a slo | |
| 100 | 1 | |a Skosar, Anna |u 070200 |4 aut |U FIIT Fakulta informatiky a informačných technológií |T FIIT Ústav informatiky, informačných systémov a softvérového inžinierstva |X 122414 |U I200 |Y 179 |7 122414 | |
| 242 | 0 | 1 | |a Development of a mobile application for the Mathematics 1 taught at the Faculty of Civil Engineering in Slovak and Ukrainian language |y eng |
| 245 | 1 | 0 | |a Vytvorenie mobilnej aplikácie k predmetu Matematika 1 na Stavebnej fakulte v slovenskom a ukrajinskom jazyku |
| 260 | |c 2025 | ||
| 650 | 4 | |a Mathematics 1 |2 eng | |
| 650 | 4 | |a Bilingual education |2 eng | |
| 650 | 4 | |a Android |2 eng | |
| 650 | 4 | |a Mobile application |2 eng | |
| 650 | 4 | |a Matematika 1 |2 slo | |
| 650 | 4 | |a Dvojjazyčné vzdelávanie |2 slo | |
| 650 | 4 | |a Mobilná aplikácia |2 slo | |
| 650 | 4 | |a Android |2 slo | |
| 700 | 1 | |a Minarechová, Zuzana |u 010220 |k Z1 |4 ths |U SvF Stavebná fakulta |T SvF Katedra matematiky a deskriptívnej geometrie |X 10047 |U V220 |Y 23 |7 A000010047 | |
| 856 | 4 | |u http://is.stuba.sk/zp/portal_zp.pl?podrobnosti=178169 | |